000 00303nam a22001337a 4500
008 171020b xxu||||| |||| 00| 0 eng d
020 _a9789995634032
041 _aalb
080 _a338
100 _a54
101 _aMEN
245 _aMENAXHIMI DHE ORGANIZATA E BIZNESIT
_cLLACI,SH
942 _2udc
_cBK
999 _c35043
_d35043